Statistics for Manchester City scorers in Premier League 2015-2016

Click here to take the quiz!

General Stats

  • This quiz has been taken 289 times
    (245 since last reset)
  • The average score is 10 of 14

Answer Stats

PlayerGoals% Correct
Sergio Agüero24
100%
David Silva2
96%
Raheem Sterling6
91%
Vincent Kompany2
91%
Kevin De Bruyne7
88%
Yaya Touré6
87%
Fernandinho2
75%
Nicolas Otamendi1
75%
Aleksandar Kolarov3
69%
Fernando2
64%
Samir Nasri2
61%
Kelechi Iheanacho8
57%
Wilfried Bony4
53%
Fabian Delph2
42%

Score Distribution

Percentile by Number Answered

Percent of People with Each Score

Your Score History

You have not taken this quiz since the last reset